Some norse myths and legends (Record no. 6850)
[ view plain ]
| 000 -LEADER | |
|---|---|
| fixed length control field | 00710nam a2200157Ia 4500 |
| 008 - FIXED-LENGTH DATA ELEMENTS--GENERAL INFORMATION | |
| fixed length control field | 210324s9999||||xx |||||||||||||| ||und|| |
| 040 ## - CATALOGING SOURCE | |
| Transcribing agency | STCPL |
| 082 ## - DEWEY DECIMAL CLASSIFICATION NUMBER | |
| Classification number | 820.301 |
| Item number | CAT-S |
| 100 ## - MAIN ENTRY--PERSONAL NAME | |
| Personal name | Caton A.G. |
| 245 #0 - TITLE STATEMENT | |
| Title | Some norse myths and legends |
| 260 ## - PUBLICATION, DISTRIBUTION, ETC. | |
| Place of publication, distribution, etc. | Mumbai |
| Name of publisher, distributor, etc. | E.J. Arnold & Son Ltd. |
| Date of publication, distribution, etc. | 1960 |
| 300 ## - PHYSICAL DESCRIPTION | |
| Extent | 96 |
| 650 ## - SUBJECT ADDED ENTRY--TOPICAL TERM | |
| Topical term or geographic name entry element | Generalतुऴसीदास का जन्म , साशंश , राजनौतिक स्तिती , कवितावली , छंद - योजना, चारित्र - चित्रण , कार्य - सौषठन, जगत - निरूपण , रामनाम -जव , एव्य की भावना |
| 942 ## - ADDED ENTRY ELEMENTS (KOHA) | |
| Koha item type | Books |
| 041 ## - LANGUAGE CODE | |
| Language code of original | English |
| Withdrawn status | Lost status | Damaged status | Not for loan | Home library | Current library | Shelving location | Date acquired | Cost, normal purchase price | Total Checkouts | Full call number | Barcode | Date last seen | Price effective from | Koha item type |
|---|---|---|---|---|---|---|---|---|---|---|---|---|---|---|
| ST. THOMAS COLLEGE LIBRARY, PALAI | ST. THOMAS COLLEGE LIBRARY, PALAI | 2021-07-10 | 7.20 | 820.301 CAT-S | 11941 | 2021-07-10 | 2021-07-10 | Books |
